000 00751nam a22002297a 4500
003 LK-CoDNM
005 20241025094837.0
008 241015b |||||||| |||| 00| 0 eng d
040 _aLK-CoDNM
_dLK-CoDNM
_eLK-CoDNM
041 _asin
080 _aප්‍ර.ව
_b14.1
245 _aවිදුඅරණ-1964
_b6 කාණ්ඩය 19 කලාපය
260 _aපානදුර
_c1964
_bසිටි මුද්‍රණාලය
300 _b20p. ; 24 cm
500 _aත්‍රෛමාසික සගරාව
650 _aවිදුඅරණ-1964
650 _a6 කාණ්ඩය 19 කලාපය
650 _aමාසික සගරාව
650 _aප්‍ර.ව 14.1
650 _a1964
942 _cBK
999 _c222622
_d222622